000
00247nam a2200097Ia 4500
001
712996
005
20250826162837.0
008
250824s9999 xx 000 0 und d
245
0
_a
DENİZ FENERİ KOYU
_c
KIMBERLEY FREEMAN
260
_b
ARKADYA YAYINLARI
999
_c
712996
_d
712996